Cerebro, inteligencia y emoción: Neurociencias aplicadas a la educación permanente

Պահպանված է:
Մատենագիտական մանրամասներ
Հիմնական հեղինակ: Céspedes Calderón, Amanda (Հեղինակ)
Ձևաչափ: Գիրք
Լեզու:իսպաներեն
Հրապարակվել է: Santiago Fundación Mirame 2007
Խորագրեր:
Ցուցիչներ: Ավելացրեք ցուցիչ
Չկան պիտակներ, Եղեք առաջինը, ով նշում է այս գրառումը!

MARC

LEADER 00000nam a2200000 a 4500
001 UCH0704
003 CL-VaPUC
005 20231116132446.0
008 090320e20070000CL |||||||||||||||||spa|d
999 |c 332957  |d 332955 
020 |a 9789563108903 
040 |c Pontificia Universidad Católica de Valparaíso 
082 0 4 |a 152.4  |b CES  |2 21 
100 0 |a Céspedes Calderón, Amanda  |e author  |9 534972 
245 1 0 |a Cerebro, inteligencia y emoción: Neurociencias aplicadas a la educación permanente 
260 |a Santiago  |b Fundación Mirame  |c 2007 
300 |a 140 p 
583 |a last modification  |c 20090320 00:00:00  |k Rodrigo Vera 
650 0 |a Aprendizaje infantil  |9 254827  |x Aspectos fisiológicos 
650 0 |a Cognición infantil  |9 270347  |x Crecimiento 
650 0 |a Neurociencias  |x Desarrollo  |9 424346 
942 |c BK  |2 ddc 
945 |d 20090320 00:00:00  |a dcastane 
952 |0 0  |1 0  |2 ddc  |4 0  |6 152_400000000000000_CES_2007  |7 0  |8 R  |9 421033  |a BIBEDU  |b BIBEDU  |c MCIRC  |d 2019-11-22  |i 4523466  |l 3  |m 3  |o 152.4 CES 2007  |p 4523466  |r 2022-11-21  |s 2022-11-08  |w 2019-11-22  |y BK_R  |k EDI